[Event "Open Hradec Králové 2017"]
[Site "Hradec Králové"]
[Date "2017.10.04"]
[Round "4"]
[White "Swicarz, Maciej"]
[Black "Bartos, Jan"]
[Result "1-0"]
[WhiteElo "2363"]
[BlackElo "2227"]
[PlyCount "49"]
[EventDate "2017.10.01"]

1. e4 e5 2. Nf3 Nc6 3. Bc4 Nf6 4. d3 Be7 5. O-O O-O 6. Re1 d6 7. a4 Na5 8. Ba2
c5 9. c3 Nc6 10. Nbd2 a6 11. Nf1 h6 12. Ng3 Re8 13. h3 Bf8 14. d4 cxd4 15. cxd4
exd4 16. Nxd4 Nb4 17. Bb1 d5 18. e5 Nd7 19. Qh5 Nc5 20. Ra3 Ne6 21. Ngf5 Nxd4
22. Nxh6+ gxh6 23. Rg3+ Bg7 24. Rxg7+ Kxg7 25. Qxh6+ 1-0

[Event "Open Hradec Králové 2017"]
[Site "Hradec Králové"]
[Date "2017.10.04"]
[Round "4"]
[White "Grela, Kacper"]
[Black "Jirasek, Pavel"]
[Result "0-1"]
[WhiteElo "2274"]
[BlackElo "2292"]
[PlyCount "114"]
[EventDate "2017.10.01"]

1. e4 {[%emt 0:00:00]} c5 2. Nf3 Nc6 3. d4 cxd4 4. Nxd4 e5 5. Nb5 d6 6. N1c3 a6
7. Na3 Be7 8. Nc4 b5 9. Ne3 Nf6 10. Ned5 O-O 11. Be3 Nxd5 12. Nxd5 Bg5 13. a4
Bxe3 14. Nxe3 Bb7 15. axb5 axb5 16. Bxb5 Qb6 17. Rxa8 Rxa8 18. Bxc6 Qxc6 19.
O-O Qxe4 20. Qxd6 h6 21. Rd1 Ra2 22. Qb6 Kh7 23. Qb3 Ra6 24. f3 Qf4 25. Nf1 Bc8
26. Qe3 Ra2 27. Qc3 Bf5 28. Ne3 Bg6 29. Nc4 e4 30. g3 Qxf3 31. Qxf3 exf3 32.
Rd2 f6 33. c3 Be4 34. Kf2 Ra1 35. Ne3 g5 36. c4 Kg6 37. b4 Rb1 38. b5 f5 39. g4
fxg4 40. Nxg4 Kf5 41. h3 h5 42. Nh2 Kf4 43. Nf1 g4 44. hxg4 hxg4 45. Ng3 Rc1
46. Nxe4 Kxe4 47. b6 Rxc4 48. Rb2 Kf4 49. b7 g3+ 50. Ke1 f2+ 51. Ke2 Re4+ 52.
Kd2 Re8 53. b8=Q+ Rxb8 54. Rxb8 g2 55. Rf8+ Kg3 56. Rg8+ Kh2 57. Rh8+ Kg1 0-1

[Event "Open Hradec Králové 2017"]
[Site "Hradec Králové"]
[Date "2017.10.04"]
[Round "4"]
[White "Stein, Robert"]
[Black "Plischki, Sebastian"]
[Result "1/2-1/2"]
[WhiteElo "2253"]
[BlackElo "2397"]
[PlyCount "32"]
[EventDate "2017.10.01"]

1. d4 Nf6 2. Nf3 e6 3. c4 c5 4. g3 cxd4 5. Nxd4 a6 6. Bg2 Qc7 7. b3 Be7 8. Bb2
O-O 9. Nc3 Nc6 10. O-O d6 11. Rc1 Nxd4 12. Qxd4 Bd7 13. Rfd1 Rfd8 14. Ne4 Bc6
15. Nxf6+ Bxf6 16. Qd2 Bxb2 1/2-1/2

[Event "Open Hradec Králové 2017"]
[Site "Hradec Králové"]
[Date "2017.10.04"]
[Round "4"]
[White "Sernecki, Franciszek"]
[Black "Leutwyler, Mathias"]
[Result "1/2-1/2"]
[WhiteElo "2109"]
[BlackElo "2109"]
[PlyCount "45"]
[EventDate "2017.10.01"]

1. e4 c5 2. Nf3 e6 3. Nc3 Nc6 4. d4 cxd4 5. Nxd4 Nf6 6. g3 d5 7. exd5 exd5 8.
Bg2 Bg4 9. Qd3 Be7 10. O-O O-O 11. Bf4 Qd7 12. Rfe1 Rfe8 13. Nxc6 bxc6 14. Ne2
Rab8 15. Nd4 c5 16. Nf3 Bf5 17. Qd1 Be4 18. Qd2 Qb7 19. b3 Nh5 20. Be5 Bf6 21.
Bxf6 Nxf6 22. Nh4 Bxg2 23. Nxg2 1/2-1/2

[Event "Open Hradec Králové 2017"]
[Site "Hradec Králové"]
[Date "2017.10.04"]
[Round "4"]
[White "Dzubasz, Tino"]
[Black "Eryshkanova, Anastasia"]
[Result "0-1"]
[WhiteElo "2076"]
[BlackElo "2127"]
[PlyCount "82"]
[EventDate "2017.10.01"]

1. d4 d5 2. Nf3 Nf6 3. g3 g6 4. Bg2 Bg7 5. O-O O-O 6. c4 c6 7. Nc3 b6 8. Ne5
Bb7 9. Bg5 Ne4 10. cxd5 cxd5 11. Nxe4 dxe4 12. Be3 Nd7 13. Nxd7 Qxd7 14. Qd2
Rac8 15. Rfd1 Rfe8 16. a4 Bd5 17. Ra3 Rc4 18. b3 Rc6 19. a5 b5 20. a6 e6 21.
Ra5 Rb8 22. Bf4 Rbb6 23. Qe3 f5 24. g4 Qc8 25. f3 Rc3 26. Qd2 Rxb3 27. Rc1 Rc6
28. Raa1 Rbc3 29. Rxc3 Rxc3 30. fxe4 fxe4 31. Rb1 Rc2 32. Qd1 Qc4 33. e3 b4 34.
Bf1 Qc3 35. Rxb4 g5 36. Rb8+ Kf7 37. Bxg5 Kg6 38. Bf4 Rc1 39. Qa4 Rxf1+ 40.
Kxf1 Bc4+ 41. Kf2 Qd2+ 0-1

[Event "Open Hradec Králové 2017"]
[Site "Hradec Králové"]
[Date "2017.10.04"]
[Round "4"]
[White "Tsapanidis, Vasilis"]
[Black "Riha, Vojtech"]
[Result "1/2-1/2"]
[WhiteElo "1826"]
[BlackElo "2108"]
[PlyCount "70"]
[EventDate "2017.10.01"]

1. Nf3 c5 2. c4 g6 3. e4 Bg7 4. d4 cxd4 5. Nxd4 Nf6 6. Nc3 d6 7. Be2 O-O 8. O-O
Nc6 9. Be3 Bd7 10. Qd2 Rc8 11. Rac1 Re8 12. Rfd1 Ne5 13. b3 Neg4 14. Bg5 b5 15.
f3 e5 16. Nc2 Qb6+ 17. Be3 Nxe3 18. Qxe3 Qxe3+ 19. Nxe3 Bh6 20. Kf2 b4 21. Ncd5
Nxd5 22. Rxd5 Be6 23. Rxd6 Bf8 24. Rd3 Bc5 25. Kf1 Red8 26. Rcd1 Rxd3 27. Rxd3
Kg7 28. g4 g5 29. Ng2 a6 30. h4 Kf6 31. h5 Ke7 32. Ne3 f6 33. Ke1 a5 34. Nd5+
Bxd5 35. Rxd5 Rc7 1/2-1/2

[Event "Open Hradec Králové 2017"]
[Site "Hradec Králové"]
[Date "2017.10.04"]
[Round "4"]
[White "Roessel, Louis"]
[Black "Gurack, Daniel"]
[Result "1/2-1/2"]
[WhiteElo "1831"]
[BlackElo "2075"]
[PlyCount "73"]
[EventDate "2017.10.01"]

1. e4 e6 2. d4 d5 3. Nc3 Bb4 4. exd5 exd5 5. Bd3 c6 6. Nge2 Bg4 7. O-O Nf6 8.
f3 Bd7 9. Ng3 O-O 10. Bg5 Na6 11. a3 Be7 12. Nf5 Bxf5 13. Bxf5 Nh5 14. Bxe7
Qxe7 15. g3 g6 16. Re1 Qf6 17. Bg4 Ng7 18. Qd3 Rfe8 19. Kf2 Nc7 20. Rxe8+ Rxe8
21. Re1 Nge6 22. Bxe6 Rxe6 23. Rxe6 Nxe6 24. Ne2 h5 25. h4 Ng7 26. Qe3 Qf5 27.
Qf4 Qxc2 28. Qb8+ Kh7 29. Qxb7 a5 30. b4 axb4 31. Qxb4 Nf5 32. Qf8 Nh6 33. Qc5
Qa4 34. Qf8 Qd1 35. Qe8 Qc2 36. Qf8 Qd2 37. Qe8 1/2-1/2

[Event "Open Hradec Králové 2017"]
[Site "Hradec Králové"]
[Date "2017.10.04"]
[Round "4"]
[White "Freeland, Alex"]
[Black "Majerik, Vladimir"]
[Result "1-0"]
[WhiteElo "2034"]
[BlackElo "1826"]
[PlyCount "61"]
[EventDate "2017.10.01"]

1. c4 {[%emt 0:00:00]} c6 2. e4 e5 3. Nf3 Qa5 4. Nc3 Nf6 5. d3 Bb4 6. Bd2 d6 7.
a3 Bxc3 8. Bxc3 Qc7 9. g3 O-O 10. Bg2 Bd7 11. O-O Qc8 12. c5 dxc5 13. Bxe5 b6
14. Qd2 Ng4 15. Bxg7 Kxg7 16. h3 h6 17. hxg4 Bxg4 18. Qf4 Be6 19. Nh4 Nd7 20.
Nf5+ Bxf5 21. exf5 Nf6 22. g4 Nh7 23. f6+ Nxf6 24. g5 Ng8 25. Rfe1 f6 26. gxh6+
Nxh6 27. Re7+ Rf7 28. Rae1 Ng8 29. R7e6 Qd8 30. Bxc6 Rc8 31. Re8 1-0

[Event "Open Hradec Králové 2017"]
[Site "Hradec Králové"]
[Date "2017.10.04"]
[Round "4"]
[White "Bartos, Karel"]
[Black "Wolf, Andreas"]
[Result "1/2-1/2"]
[WhiteElo "1816"]
[BlackElo "2006"]
[PlyCount "89"]
[EventDate "2017.10.01"]

1. e4 {[%emt 0:00:00]} c5 2. c3 Nf6 3. e5 Nd5 4. Nf3 e6 5. d4 cxd4 6. Bc4 Nc6
7. cxd4 d6 8. O-O Be7 9. Qe2 Nb6 10. Bd3 d5 {[%emt 0:00:00]} 11. Nc3 a6 {[%emt
0:00:00]} 12. Re1 Bd7 13. Be3 Nb4 14. Bb1 Rc8 15. a3 Nc6 16. Nd2 Na5 17. Bd3
Nbc4 18. Nxc4 Nxc4 19. Rac1 Qb6 20. Rc2 Nxe3 21. fxe3 O-O 22. Rf1 Bg5 23. Rf3
f5 24. exf6 Rxf6 25. Rxf6 Bxf6 26. Qh5 g6 27. Qg4 Qd6 28. Qf3 Rf8 29. Rf2 Bg7
30. Qe2 Rxf2 31. Qxf2 Bc6 32. Ne2 e5 33. Qg3 Qe7 34. Qg4 exd4 35. exd4 Qe3+ 36.
Kf1 Qxd3 37. Qe6+ Kf8 38. Qd6+ Kf7 39. Qc7+ Kg8 40. Qc8+ Kf7 41. Qc7+ Kf6 42.
Qe5+ Kf7 43. Qc7+ Kf8 44. Qd6+ Kg8 45. Qe6+ 1/2-1/2

[Event "Open Hradec Králové 2017"]
[Site "Hradec Králové"]
[Date "2017.10.04"]
[Round "4"]
[White "Belus, Benjamin"]
[Black "Aird, Ian"]
[Result "1-0"]
[WhiteElo "1941"]
[BlackElo "1809"]
[PlyCount "75"]
[EventDate "2017.10.01"]

1. e4 e5 2. Nf3 Nc6 3. Bc4 Bc5 4. d3 Nf6 5. Bg5 h6 6. Bh4 d6 7. h3 Be6 8. Nbd2
a6 9. Nh2 Ba7 10. Bxe6 fxe6 11. Ng4 g5 12. Bg3 h5 13. Nxf6+ Qxf6 14. Qf3 Qg6
15. Qd1 O-O-O 16. c3 Rdf8 17. f3 g4 18. hxg4 hxg4 19. Rxh8 Rxh8 20. fxg4 Qh6
21. Qe2 Qe3 22. Qxe3 Bxe3 23. Ke2 Bxd2 24. Kxd2 Rg8 25. Ke2 Rxg4 26. Kf3 Rg7
27. Bh4 Rf7+ 28. Kg4 Rg7+ 29. Bg5 Nd8 30. Rh1 Nf7 31. Rh5 Kd7 32. Kh4 Kc6 33.
g4 d5 34. Bf6 Rg6 35. g5 dxe4 36. dxe4 Nd6 37. Rh6 Rg8 38. Rh8 1-0

[Event "Open Hradec Králové 2017"]
[Site "Hradec Králové"]
[Date "2017.10.04"]
[Round "4"]
[White "Vochozka, Jindrich"]
[Black "Novak, Ludek"]
[Result "0-1"]
[WhiteElo "1802"]
[BlackElo "1932"]
[PlyCount "66"]
[EventDate "2017.10.01"]

1. d4 {[%emt 0:00:00]} g6 2. g3 Bg7 3. Bg2 c5 4. dxc5 Qa5+ 5. c3 Qxc5 6. Nf3
Nf6 7. Be3 Qc7 8. Bf4 d6 9. O-O O-O 10. Qc1 Re8 11. Bh6 Bh8 12. Re1 Nc6 13. e4
Bg4 14. Nbd2 Rad8 15. Nf1 Bxf3 16. Bxf3 Ne5 17. Qe3 Qb6 18. Rab1 Qxe3 19. Rxe3
Nfg4 20. Bxg4 Nxg4 21. Bg5 Nxe3 22. Bxe3 d5 23. exd5 Rxd5 24. Nd2 Red8 25. Nb3
Rd1+ 26. Rxd1 Rxd1+ 27. Kg2 Rb1 28. Bc1 a5 29. a4 Bxc3 30. Bd2 Bxd2 31. Nxd2
Rxb2 32. Nc4 Rb4 33. Nxa5 Kf8 0-1

[Event "Open Hradec Králové 2017"]
[Site "Hradec Králové"]
[Date "2017.10.04"]
[Round "4"]
[White "Slavik, Jan"]
[Black "Michel, Ladislav"]
[Result "1-0"]
[WhiteElo "1928"]
[BlackElo "1803"]
[PlyCount "79"]
[EventDate "2017.10.01"]

1. e4 {[%emt 0:00:00]} c5 2. Nf3 Nc6 3. d4 cxd4 4. Nxd4 e5 5. Nb5 d6 6. N1c3 a6
7. Na3 b5 8. Nd5 Nge7 9. Bg5 Qa5+ 10. c3 Nxd5 11. exd5 Ne7 12. Be2 h6 13. Bd2
Qb6 14. c4 Bd7 15. O-O Nf5 16. Rc1 Be7 17. Bd3 Bf6 18. Bxf5 Bxf5 19. cxb5 Bd7
20. Nc4 Qb8 21. Bb4 Be7 22. b6 Bb5 23. Ba5 O-O 24. a4 Bd7 25. b3 Bc8 26. Qd3
Bb7 27. Rc2 Qd8 28. Ne3 Rc8 29. Rfc1 Rc5 30. b4 Rxc2 31. Rxc2 Qb8 32. Rc7 Bd8
33. Rc2 Bg5 34. Nc4 Rd8 35. g3 Qa8 36. h4 Be7 37. Ne3 Re8 38. Rc7 Bd8 39. Nf5
Kf8 40. Nxd6 1-0

[Event "Open Hradec Králové 2017"]
[Site "Hradec Králové"]
[Date "2017.10.04"]
[Round "4"]
[White "Zochowski, Janusz"]
[Black "Ret, Adam Josef"]
[Result "1/2-1/2"]
[WhiteElo "1926"]
[BlackElo "1741"]
[PlyCount "64"]
[EventDate "2017.10.01"]

1. e4 {[%emt 0:00:00]} c5 2. Nf3 d6 3. d4 cxd4 4. Nxd4 Nf6 5. Nc3 g6 6. Be3 Bg7
7. Qd2 O-O 8. f3 Nc6 9. O-O-O Bd7 10. g4 Rc8 11. h4 h5 12. g5 Ne8 13. Nxc6 Rxc6
14. Bd4 Qa5 15. Kb1 Bxd4 16. Qxd4 Ng7 17. Nd5 Re8 18. Rh2 Ne6 19. Qe3 Nc7 20.
Rhd2 Nxd5 21. exd5 Rb6 22. Rd3 Bf5 23. Rb3 Rxb3 24. axb3 Rc8 25. Bd3 Qxd5 26.
Qxe7 Qxf3 27. Rf1 Qg2 28. Qxd6 Bxd3 29. Qxd3 Qc6 30. c4 Qe6 31. Ka2 Qa6+ 32.
Kb1 Qe6 1/2-1/2

[Event "Open Hradec Králové 2017"]
[Site "Hradec Králové"]
[Date "2017.10.04"]
[Round "4"]
[White "Berger, Volkmar"]
[Black "Kuru, Martin"]
[Result "1/2-1/2"]
[WhiteElo "1669"]
[BlackElo "1927"]
[PlyCount "63"]
[EventDate "2017.10.01"]

1. d4 {[%emt 0:00:00]} d5 {[%emt 0:00:00]} 2. g3 {[%emt 0:05:53]} Nf6 {[%emt 0:
00:00]} 3. Bg2 e6 4. Nf3 Be7 5. O-O O-O 6. Nbd2 c5 7. e3 Nc6 8. c3 b6 9. dxc5
bxc5 10. c4 Ba6 11. b3 Qb6 12. Re1 Rfd8 13. Qc2 Rac8 14. Bb2 Nb4 15. Qb1 dxc4
16. Nxc4 Bxc4 17. bxc4 Nd3 18. Re2 Rb8 19. Ne5 Nxe5 20. Qc2 Ng6 21. e4 Rd7 22.
f4 Rbd8 23. Rae1 Qb4 24. a3 Qa5 25. Bc3 Qc7 26. e5 Ne8 27. f5 Nf8 28. Rf1 f6
29. fxe6 Rd4 30. Bxd4 Rxd4 31. Bd5 Ng6 32. Qa4 1/2-1/2

[Event "Open Hradec Králové 2017"]
[Site "Hradec Králové"]
[Date "2017.10.04"]
[Round "4"]
[White "Rokos, Filip"]
[Black "Jaworski, Tymon"]
[Result "1/2-1/2"]
[WhiteElo "1806"]
[BlackElo "1328"]
[PlyCount "48"]
[EventDate "2017.10.01"]

1. e4 {[%emt 0:00:00]} e5 2. Nf3 Nc6 3. Bb5 a6 4. Ba4 Nf6 5. d3 d6 6. c3 g6 7.
O-O Bg7 8. Re1 O-O 9. d4 Nd7 10. dxe5 Ndxe5 11. Nd4 Bd7 12. Nxc6 Nxc6 13. Nd2
Re8 14. Nf3 Ne5 15. Bxd7 Nxf3+ 16. Qxf3 Qxd7 17. Be3 Be5 18. Qe2 Bg7 19. f3 Re6
20. Qd2 Rae8 21. Rad1 c6 22. Bf4 d5 23. Bg3 Rd8 24. Bf2 Qe7 1/2-1/2

[Event "Open Hradec Králové 2017"]
[Site "Hradec Králové"]
[Date "2017.10.04"]
[Round "4"]
[White "Ricar-Sen., Jiri"]
[Black "Vetter, Udo"]
[Result "1-0"]
[WhiteElo "1691"]
[BlackElo "1466"]
[PlyCount "67"]
[EventDate "2017.10.01"]

1. e4 {[%emt 0:00:00]} c5 2. Nc3 Nc6 3. g3 g6 4. d3 Bg7 5. Be3 d6 6. Nge2 Nf6
7. Bg2 Bd7 8. Rb1 a6 9. a3 O-O 10. O-O Ng4 11. Qd2 Rb8 12. f4 Nxe3 13. Qxe3 Nd4
14. Qd2 b5 15. Nd5 e6 16. Nxd4 Bxd4+ 17. Ne3 Bc6 18. Kh1 d5 19. Ng4 Bg7 20. e5
Rc8 21. Kg1 Qc7 22. c3 d4 23. Nf6+ Kh8 24. Bxc6 Qxc6 25. Ne4 Rfd8 26. Nd6 Rc7
27. cxd4 cxd4 28. Qa5 Rdd7 29. Rbc1 Qxc1 30. Rxc1 Rxc1+ 31. Kg2 Rc2+ 32. Kh3
Rxb2 33. Qxa6 Bf8 34. Qc8 1-0

[Event "Open Hradec Králové 2017"]
[Site "Hradec Králové"]
[Date "2017.10.04"]
[Round "4"]
[White "Krueger, Thomas"]
[Black "Macha, Martin"]
[Result "1-0"]
[WhiteElo "1582"]
[BlackElo "1444"]
[PlyCount "41"]
[EventDate "2017.10.01"]

1. d4 {[%emt 0:00:00]} d5 2. Nf3 e6 3. e3 c5 4. c3 Nc6 5. Bd3 Nf6 6. Nbd2 c4 7.
Bc2 Bd6 8. O-O O-O 9. Re1 b5 10. e4 dxe4 11. Nxe4 Nxe4 12. Rxe4 h6 13. Qe2 a6
14. Rh4 Qf6 15. Qe4 Qf5 16. Qxc6 Qxc2 17. Bxh6 Qxb2 18. Re1 Ra7 19. Qxd6 gxh6
20. Qg3+ Kh7 21. Qg5 1-0

[Event "Open Hradec Králové 2017"]
[Site "Hradec Králové"]
[Date "2017.10.04"]
[Round "4"]
[White "Izadian, Bizhan"]
[Black "Sulot, Zdzislaw"]
[Result "1-0"]
[WhiteElo "1503"]
[BlackElo "1424"]
[PlyCount "117"]
[EventDate "2017.10.01"]

1. d4 d5 2. c4 e6 3. cxd5 exd5 4. a3 h6 5. Nc3 Nf6 6. Nf3 Bd6 7. e3 Bg4 8. Be2
Bh5 9. Qb3 b6 10. Nxd5 c6 11. Nxf6+ Qxf6 12. O-O O-O 13. Rd1 Re8 14. Bd2 Qe6
15. Qc3 c5 16. Re1 Bg6 17. Bc4 Qd7 18. a4 Be4 19. Be2 Qc7 20. h3 a5 21. Rad1
Nd7 22. Bc1 Nf6 23. Nd2 Nd5 24. Qb3 Bf5 25. Qxd5 Bc2 26. Nc4 Rad8 27. Nxd6 Rxd6
28. Qc4 Bxd1 29. Rxd1 Qd7 30. Bg4 Qd8 31. d5 Qf6 32. e4 g5 33. Rd3 Qe5 34. Bf5
Qe7 35. Rg3 f6 36. h4 Qd8 37. hxg5 hxg5 38. f4 Re7 39. fxg5 Rg7 40. g6 Kf8 41.
Bh6 Qe7 42. Bxg7+ Kxg7 43. Rh3 Qe5 44. Rh7+ Kf8 45. Qc3 Qf4 46. Rf7+ Ke8 47.
Rxf6 Rxf6 48. Qxf6 Qe3+ 49. Kh1 Qc1+ 50. Kh2 Qf4+ 51. g3 Qf2+ 52. Kh3 Qf1+ 53.
Kh4 Qh1+ 54. Bh3 Qxe4+ 55. Bg4 Qh1+ 56. Kg5 Qxd5+ 57. Kh6 Qh1+ 58. Kg7 Qb7+ 59.
Qf7+ 1-0

[Event "Open Hradec Králové 2017"]
[Site "Hradec Králové"]
[Date "2017.10.04"]
[Round "5"]
[White "Jirasek, Pavel"]
[Black "Geller, Jakov"]
[Result "1/2-1/2"]
[WhiteElo "2292"]
[BlackElo "2526"]
[PlyCount "131"]
[EventDate "2017.10.01"]

1. e4 c5 2. Nf3 e6 3. c3 d5 4. e5 d4 5. Bd3 Bd7 6. O-O Bc6 7. Qe2 Ne7 8. Be4
Bxe4 9. Qxe4 Nbc6 10. cxd4 cxd4 11. d3 Qd5 12. Re1 Rd8 13. Na3 Nb4 14. Bg5 h6
15. Bd2 Nec6 16. Bxb4 Nxb4 17. Qe2 Be7 18. Nc4 b5 19. Na3 a6 20. Nc2 Nxa2 21.
Nfxd4 Nb4 22. Red1 Rc8 23. Nxb4 Qxd4 24. Nxa6 O-O 25. Qe4 Qxb2 26. Rab1 Qc2 27.
Qb7 Bc5 28. Nxc5 Rxc5 29. d4 Rd5 30. Rdc1 Qd3 31. g3 Qxd4 32. Rxb5 Qxe5 33.
Rxd5 exd5 34. Rc7 Qe1+ 35. Kg2 Qe4+ 36. Kg1 Qf3 37. Re7 Rd8 38. h4 Qf5 39. Qc7
Ra8 40. Qc3 Ra2 41. Qe1 d4 42. Re5 Qc2 43. Re8+ Kh7 44. Qe4+ Qxe4 45. Rxe4 d3
46. Rd4 d2 47. Kg2 Kg6 48. Kf3 Kf5 49. Ke3 h5 50. Rf4+ Ke5 51. Re4+ Kd5 52.
Rd4+ Kc5 53. Rd8 g6 54. Rd7 Kc4 55. Rd4+ Kc3 56. Rd3+ Kc4 57. Rd4+ Kc5 58. Rd7
f6 59. Rd8 g5 60. hxg5 fxg5 61. Rxd2 Rxd2 62. Kxd2 h4 63. gxh4 gxh4 64. Ke3 h3
65. Kf3 Kd4 66. Kg3 1/2-1/2

[Event "Open Hradec Králové 2017"]
[Site "Hradec Králové"]
[Date "2017.10.04"]
[Round "5"]
[White "Stein, Robert"]
[Black "Swicarz, Maciej"]
[Result "0-1"]
[WhiteElo "2253"]
[BlackElo "2363"]
[PlyCount "86"]
[EventDate "2017.10.01"]

1. d4 f5 2. c4 Nf6 3. g3 g6 4. Bg2 Bg7 5. Nc3 O-O 6. Nh3 d6 7. Nf4 c6 8. d5 e5
9. dxe6 Qe7 10. O-O g5 11. Nd3 h6 12. Qc2 Bxe6 13. b3 a5 14. Ba3 Na6 15. Rae1
Ne8 16. f4 Qd8 17. Kh1 Rf7 18. e4 Nb4 19. Qd2 Qb6 20. c5 Qd8 21. Na4 fxe4 22.
Bxe4 Bh3 23. Rf2 Nxd3 24. Bxd3 d5 25. Nb6 Rb8 26. Bg6 Rf8 27. fxg5 Qxg5 28.
Rxf8+ Kxf8 29. Qxg5 hxg5 30. Nxd5 Nf6 31. Nxf6 Bxf6 32. Bd3 Rd8 33. Bf1 Bg4 34.
Bc1 Kf7 35. Bg2 Bf5 36. Be3 Kg6 37. Bf3 g4 38. Bg2 Rd3 39. Bc1 Bc3 40. Rf1 Bd7
41. Ba3 Rd2 42. Rf4 Be6 43. Rf1 Rxg2 0-1

[Event "Open Hradec Králové 2017"]
[Site "Hradec Králové"]
[Date "2017.10.04"]
[Round "5"]
[White "Plischki, Sebastian"]
[Black "Freeland, Alex"]
[Result "1-0"]
[WhiteElo "2397"]
[BlackElo "2034"]
[PlyCount "139"]
[EventDate "2017.10.01"]

1. Nf3 Nf6 2. c4 e6 3. g3 d5 4. Bg2 c5 5. cxd5 exd5 6. d4 Nc6 7. O-O cxd4 8.
Nxd4 Bc5 9. Nb3 Bb6 10. Bg5 h6 11. Bxf6 Qxf6 12. Nc3 d4 13. Nd5 Qe5 14. Nxb6
axb6 15. Bxc6+ bxc6 16. Qxd4 Qxd4 17. Nxd4 c5 18. Nb5 O-O 19. Rfd1 Be6 20. a3
Bc4 21. Nc3 b5 22. e3 Bb3 23. Rdc1 b4 24. axb4 cxb4 25. Nb5 Bd5 26. Nd4 b3 27.
f3 Ra2 28. Rab1 f6 29. Kf2 Bf7 30. e4 Rd8 31. Ke3 Ra4 32. Rd1 Rc8 33. Rbc1 Rd8
34. Rd2 Rb8 35. Rc7 Rc4 36. Rxc4 Bxc4 37. Nc6 Rb6 38. Rd8+ Kh7 39. Nd4 Rb7 40.
Rc8 Bf7 41. Kd3 Ra7 42. h4 Ra1 43. Rc7 Kg8 44. Rb7 Rb1 45. Nxb3 Rxb2 46. Nc5
Rg2 47. Rb8+ Kh7 48. g4 h5 49. Rb7 Kg8 50. gxh5 Bxh5 51. f4 Rg4 52. Ne6 Bf7 53.
Rb8+ Kh7 54. Nf8+ Kh6 55. Rb7 Bg8 56. f5 Rxh4 57. Kd4 Bh7 58. Kd5 Rf4 59. Ne6
Rg4 60. Rb2 Kh5 61. Rh2+ Rh4 62. Nxg7+ Kg4 63. Rxh4+ Kxh4 64. Ke6 Kg5 65. Ne8
Bg8+ 66. Ke7 Bh7 67. Nd6 Bg8 68. Nf7+ Kf4 69. Kf8 Bh7 70. Nd6 1-0

[Event "Open Hradec Králové 2017"]
[Site "Hradec Králové"]
[Date "2017.10.04"]
[Round "5"]
[White "Novak, Ludek"]
[Black "Grela, Kacper"]
[Result "0-1"]
[WhiteElo "1932"]
[BlackElo "2274"]
[PlyCount "59"]
[EventDate "2017.10.01"]

1. d4 Nf6 2. c4 e6 3. Nf3 Bb4+ 4. Bd2 Qe7 5. e3 O-O 6. Bd3 b6 7. a3 Bxd2+ 8.
Nbxd2 d6 9. O-O Nbd7 10. e4 e5 11. d5 Nh5 12. g3 g6 13. Nh4 Ng7 14. Ng2 f5 15.
f4 Nc5 16. Bc2 Nxe4 17. Nxe4 fxe4 18. Qe2 exf4 19. Rxf4 Rxf4 20. Nxf4 Bf5 21.
Re1 Re8 22. Qg2 Qe5 23. Bb3 g5 24. Ne6 Nxe6 25. dxe6 Qc5+ 26. Kh1 Rxe6 27. Qf1
e3 28. h4 e2 29. Qg1 g4 30. Kg2 0-1

[Event "Open Hradec Králové 2017"]
[Site "Hradec Králové"]
[Date "2017.10.04"]
[Round "5"]
[White "Piankov, Evgenij"]
[Black "Sernecki, Franciszek"]
[Result "1/2-1/2"]
[WhiteElo "2254"]
[BlackElo "2109"]
[PlyCount "96"]
[EventDate "2017.10.01"]

1. Nf3 d5 2. g3 Nf6 3. Bg2 e6 4. O-O Be7 5. d4 O-O 6. c4 dxc4 7. Qa4 a6 8. Qxc4
b5 9. Qc2 Bb7 10. a4 Be4 11. Qb3 Bd5 12. Qd3 b4 13. Nbd2 Nbd7 14. e4 Bb7 15. e5
Nd5 16. Ne4 h6 17. Be3 Nxe3 18. Qxe3 Nb6 19. Rfc1 Qd7 20. a5 Nd5 21. Qd3 Bc6
22. Nfd2 Bb5 23. Qc2 Rab8 24. Nc5 Bxc5 25. Qxc5 Rfd8 26. Bf1 Bxf1 27. Nxf1 Rb7
28. Qc4 Qb5 29. Qxb5 Rxb5 30. Rc6 Ra8 31. Ne3 Ra7 32. Kf1 Kf8 33. Ke2 Ke7 34.
Nxd5+ Rxd5 35. Rc4 Rb7 36. Kd3 Kd7 37. f4 h5 38. Ke4 g6 39. h3 c5 40. Rxc5 Rxc5
41. dxc5 Kc6 42. Kd4 Rb5 43. Kc4 Rxc5+ 44. Kxb4 Rb5+ 45. Kc3 Rc5+ 46. Kd3 Rb5
47. Kc3 Rc5+ 48. Kd4 Rb5 1/2-1/2

[Event "Open Hradec Králové 2017"]
[Site "Hradec Králové"]
[Date "2017.10.04"]
[Round "5"]
[White "Bartos, Jan"]
[Black "Belus, Benjamin"]
[Result "1-0"]
[WhiteElo "2227"]
[BlackElo "1941"]
[PlyCount "55"]
[EventDate "2017.10.01"]

1. d4 d5 2. c4 e6 3. Nf3 Nf6 4. g3 c5 5. Bg2 Nc6 6. O-O cxd4 7. Nxd4 e5 8. Nxc6
bxc6 9. cxd5 cxd5 10. Nc3 Bb7 11. Bg5 e4 12. Bxf6 gxf6 13. Qa4+ Qd7 14. Qxd7+
Kxd7 15. Rfd1 Ke6 16. Nb5 Rc8 17. Nd4+ Ke7 18. Nf5+ Ke8 19. Ne3 Rd8 20. Rac1
Ba8 21. Rc7 Bd6 22. Rxa7 Be5 23. Bxe4 Bxb2 24. Bxd5 Bxd5 25. Rxd5 Rc8 26. Nf5
Be5 27. Rxe5+ fxe5 28. Nd6+ 1-0

[Event "Open Hradec Králové 2017"]
[Site "Hradec Králové"]
[Date "2017.10.04"]
[Round "5"]
[White "Eryshkanova, Anastasia"]
[Black "Slavik, Jan"]
[Result "1-0"]
[WhiteElo "2127"]
[BlackElo "1928"]
[PlyCount "55"]
[EventDate "2017.10.01"]

1. Nf3 Nf6 2. d4 d5 3. e3 g6 4. Be2 Bg7 5. O-O O-O 6. b3 Nbd7 7. Bb2 b6 8. c4
Bb7 9. b4 c5 10. bxc5 bxc5 11. Nbd2 dxc4 12. Nxc4 Ne4 13. Rb1 Qc7 14. Qb3 Bd5
15. Rfc1 Rab8 16. Qa3 Rb4 17. dxc5 Rfb8 18. Nb6 Bxb2 19. Rxb2 Rxb2 20. Nxd5 Qd8
21. c6 Rxe2 22. c7 Qe8 23. cxb8=Q Nxb8 24. Rc8 Qxc8 25. Nxe7+ Kg7 26. Nxc8 Rc2
27. Nxa7 Na6 28. Qxa6 1-0

[Event "Open Hradec Králové 2017"]
[Site "Hradec Králové"]
[Date "2017.10.04"]
[Round "5"]
[White "Leutwyler, Mathias"]
[Black "Mathisen, Runar"]
[Result "1-0"]
[WhiteElo "2109"]
[BlackElo "1870"]
[PlyCount "43"]
[EventDate "2017.10.01"]

1. d4 d6 2. e4 Nf6 3. Nc3 e5 4. Nge2 Be7 5. g3 O-O 6. Bg2 c6 7. O-O b5 8. a3
Qc7 9. h3 a5 10. g4 h6 11. Ng3 exd4 12. Qxd4 Ne8 13. Be3 Bf6 14. Qd2 Na6 15.
Rad1 b4 16. Na4 Be6 17. Nh5 Qe7 18. Nxf6+ Qxf6 19. e5 Qxe5 20. Bxc6 Rb8 21. Ba7
Nf6 22. f4 1-0

[Event "Open Hradec Králové 2017"]
[Site "Hradec Králové"]
[Date "2017.10.04"]
[Round "5"]
[White "Stolyarsky, Yegor"]
[Black "Dzubasz, Tino"]
[Result "1/2-1/2"]
[WhiteElo "1856"]
[BlackElo "2076"]
[PlyCount "88"]
[EventDate "2017.10.01"]

1. d4 Nf6 2. Nf3 c5 3. e3 e6 4. Bd3 Be7 5. O-O O-O 6. b3 cxd4 7. exd4 Nc6 8.
Bb2 b6 9. Nbd2 Bb7 10. Nc4 d6 11. Ne3 Rc8 12. c4 d5 13. Rc1 dxc4 14. bxc4 Qd7
15. Qe2 Rfd8 16. Rfd1 Qe8 17. Bb1 Ba6 18. Qc2 g6 19. Qa4 Na5 20. Qxe8+ Nxe8 21.
Bd3 Bf6 22. Ne5 Kg7 23. d5 Bxe5 24. Bxe5+ f6 25. Bb2 exd5 26. cxd5 Rxc1 27.
Bxc1 Bb7 28. Bb2 Kf7 29. Ba3 f5 30. Be2 f4 31. Nc4 Rxd5 32. Nxa5 Rxd1+ 33. Bxd1
bxa5 34. Bc5 Bd5 35. a3 a6 36. Bb6 Bc4 37. Bxa5 Nd6 38. Bd2 g5 39. g3 fxg3 40.
fxg3 Ne4 41. Bb4 Kf6 42. Bc2 Ke5 43. Be7 g4 44. Bxe4 Kxe4 1/2-1/2

[Event "Open Hradec Králové 2017"]
[Site "Hradec Králové"]
[Date "2017.10.04"]
[Round "5"]
[White "Riha, Vojtech"]
[Black "Hassemeier, Mika"]
[Result "1-0"]
[WhiteElo "2108"]
[BlackElo "1864"]
[PlyCount "43"]
[EventDate "2017.10.01"]

1. e4 c5 2. c3 Nf6 3. e5 Nd5 4. d4 cxd4 5. Nf3 e6 6. cxd4 d6 7. Nc3 Nxc3 8.
bxc3 Qc7 9. Bd2 Nd7 10. exd6 Qxd6 11. Bd3 Be7 12. O-O O-O 13. Re1 Bf6 14. Qe2
Nb6 15. Bg5 Nd5 16. c4 Nf4 17. Qe4 Nxd3 18. Bxf6 Nxe1 19. Ng5 Nf3+ 20. gxf3 g6
21. Nxh7 Qc6 22. Qf4 1-0